The complete film dictionary / (Record no. 126920)
[ view plain ]
| 000 -LEADER | |
|---|---|
| campo de control de longitud fija | 01438pam a2200373 a 4500 |
| 001 - NÚMERO DE CONTROL | |
| campo de control | 4473743 |
| 003 - IDENTIFICADOR DE NÚMERO DE CONTROL | |
| campo de control | BJBSDDR |
| 005 - FECHA Y HORA DE LA ÚLTIMA TRANSACCIÓN | |
| campo de control | 20260424115917.0 |
| 007 - CAMPO FIJO DE DESCRIPCIÓN FÍSICA--INFORMACIÓN GENERAL | |
| campo de control de longitud fija | ta |
| 008 - DATOS DE LONGITUD FIJA--INFORMACIÓN GENERAL | |
| campo de control de longitud fija | 961212s1997 nyua d 000 0 eng |
| 010 ## - NÚMERO DE CONTROL DE LA BIBLIOTECA DEL CONGRESO | |
| Número de control de LC | 96052953 |
| 020 ## - NÚMERO INTERNACIONAL ESTÁNDAR DEL LIBRO | |
| Número Internacional Estándar del Libro | 9780140513936 |
| 035 ## - NÚMERO DE CONTROL DEL SISTEMA | |
| Número de control de sistema | 4473743 |
| 040 ## - FUENTE DE CATALOGACIÓN | |
| Centro catalogador/agencia de origen | DLC |
| Centro/agencia transcriptor | DLC |
| Centro/agencia modificador | DLC |
| Lengua de catalogación | eng |
| 041 ## - CÓDIGO DE IDIOMA | |
| Código de lengua del texto/banda sonora o título independiente | eng |
| 050 00 - SIGNATURA TOPOGRÁFICA DE LA BIBLIOTECA DEL CONGRESO | |
| Número de clasificación | PN1993.45 |
| Número de ítem | K82c 1997 |
| 082 00 - NÚMERO DE LA CLASIFICACIÓN DECIMAL DEWEY | |
| Número de clasificación | 791.43/03 |
| Número de edición | 21 |
| 100 1# - ENTRADA PRINCIPAL--NOMBRE DE PERSONA | |
| Nombre de persona | Konigsberg, Ira, |
| Fechas asociadas al nombre | 1935- |
| 9 (RLIN) | 48119 |
| 245 14 - MENCIÓN DEL TÍTULO | |
| Título | The complete film dictionary / |
| Mención de responsabilidad, etc. | Ira Konigsberg. |
| 250 ## - MENCION DE EDICION | |
| Mención de edición | 2nd ed. |
| 260 ## - PUBLICACIÓN, DISTRIBUCIÓN, ETC. | |
| Lugar de publicación, distribución, etc. | New York : |
| Nombre del editor, distribuidor, etc. | Penguin Reference, |
| Fecha de publicación, distribución, etc. | 1997. |
| 300 ## - DESCRIPCIÓN FÍSICA | |
| Extensión | ix, 469 p. : |
| Otras características físicas | ill. ; |
| Dimensiones | 24 cm. |
| 336 ## - TIPO DE CONTENIDO | |
| Término de tipo de contenido | text |
| Código de tipo de contenido | txt |
| Fuente | rdacontent |
| 337 ## - TIPO DE MEDIO | |
| Nombre/término del tipo de medio | unmediated |
| Código del tipo de medio | n |
| Fuente | rdamedia |
| 338 ## - TIPO DE SOPORTE | |
| Nombre/término del tipo de soporte | volume |
| Código del tipo de soporte | nc |
| Fuente | rdacarrier |
| 520 ## - RESUMEN, ETC. | |
| Sumario, etc. | This is a lexicon of film as art, technology and industry. Concerned with both professional and amateur film-making, it contains 3500 entries which define practices and achievements from the Renaissance to the present day. It includes practical terminology and cross-references to related areas. |
| 650 #0 - PUNTO DE ACCESO ADICIONAL DE MATERIA--TÉRMINO DE MATERIA | |
| Término de materia o nombre geográfico como elemento de entrada | Motion pictures |
| Subdivisión general | Dictionaries. |
| 650 #0 - PUNTO DE ACCESO ADICIONAL DE MATERIA--TÉRMINO DE MATERIA | |
| Término de materia o nombre geográfico como elemento de entrada | Cinematography |
| Subdivisión general | Dictionaries. |
| 906 ## - ELEMENTOS DE DATOS F LOCAL, LDF (RLIN) | |
| a | 7 |
| b | cbc |
| c | orignew |
| d | 1 |
| e | ocip |
| f | 19 |
| g | y-gencatlg |
| 942 ## - ELEMENTOS DE ENTRADA SECUNDARIOS (KOHA) | |
| Fuente del sistema de clasificación o colocación | Clasificación de Library of Congress |
| Tipo de ítem Koha | Libro |
| Suprimir en OPAC | No |
| 946 ## - PROCESAMIENTO DE INFORMACIÓN LOCAL (OCLC) | |
| Iniciales del agente catalogador | dpf |
| Estatus retirado | Estado de pérdida | Fuente del sistema de clasificación o colocación | Estado de daño | No para préstamo | Colección | Biblioteca de origen | Biblioteca actual | Ubicación en estantería | Fecha de adquisición | Signatura topográfica completa | Código de barras | Visto por última vez | Copia número | Tipo de ítem Koha |
|---|---|---|---|---|---|---|---|---|---|---|---|---|---|---|
| Clasificación de Library of Congress | Automatización y Procesos Técnicos | Biblioteca Juan Bosch | Biblioteca Juan Bosch | Automatización y Procesos Técnicos (1er. Piso) | 24/04/2026 | PN1993.45 K82c 1997 | 00000199055 | 24/04/2026 | 1 | Libro |
